000 00387nam a2200133 a 4500
001 ASINB00804AOWW
005 20140724173055.0
008 140724s1972 xxu eng d
100 1 _aHalkias.
245 1 0 _aIntegrated Eletronics
_cHalkias.
260 _a[S.l.] :
_bMcGraw Hill,
_c1972.
300 _a911 P.
856 4 0 _3Amazon.com
_uhttp://www.amazon.com/exec/obidos/ASIN/chopaconline-20
999 _c8376
_d8376